| 000 | 01526cam a2200205 4500500 | ||
|---|---|---|---|
| 005 | 20260405005205.0 | ||
| 041 | _afre | ||
| 042 | _adc | ||
| 100 | 1 | 0 |
_aPoittevin, Aude _eauthor |
| 245 | 0 | 0 | _aReading Spaces in Order to Interpret Sibling Bonds |
| 260 | _c2005. | ||
| 500 | _a4 | ||
| 520 | _aThe specificity of the stepsibling bonding can provide insight into the sibling relationship beyond the concept of a purely biological relationship. The particularity of the stepsibling bonding, the co-presence of full biological siblings and/or half-siblings and/or quarter-siblings, resides in the decline of the degree of blood relationship and in the intensification of the dimension of co-residence. In this type of sibling group, co-residence is central because it becomes the common denominator for all the children.From designated children’s spaces to those for the family as a whole, the reconstituted family of stepsiblings lives in several places and consequently modifies how and for what purposes those spaces are used. Within these interactions which define being brother or sister, ways of being together and modes of coexistence are constructed, supported and reconfigured. | ||
| 690 | _achildren | ||
| 690 | _afamily times and spaces | ||
| 690 | _areconstituted families | ||
| 690 | _asibling bonds | ||
| 786 | 0 | _nEspaces et sociétés | o 120-121 | 2 | 2005-06-01 | p. 61-77 | 0014-0481 | |
| 856 | 4 | 1 | _uhttps://shs.cairn.info/journal-espaces-et-societes-2005-2-page-61?lang=en&redirect-ssocas=7080 |
| 999 |
_c2081737 _d2081737 |
||